000 01699nam a22004217a 4500
003 CHAP
005 20220329143428.0
008 090630s2009 mx a r 00010 spa d
010 _a96445
011 _a97417
035 _a108085
040 _cCHAP
090 _aTesis
100 1 _aHernández Martínez, Bernardo.
_954282
245 1 0 _aBiología del barrenador pequeño del hueso del aguacate (conotrachelus perseae Barber) en condiciones de laboratorio en Chapingo, Estado de México
_c/por Bernardo Hernández Martínez
260 _aChapingo, Méx. :
_bEl autor,
_c2009
300 _axiii, 65 h. :
_bcuadros, gráfs. ,ilus.
502 _aTesis (M. C. en Protección Vegetal) -- UACH. Departamento de Parasitología Agricola
530 _aTambién disponible en línea
590 _aALEPH
_b10
_c20130110
_lUCH01
_h1529
590 _aBATCH-UPD
_b10
_c20130110
_lUCH01
_h0643
590 _aBATCH-UPD
_b10
_c20130110
_lUCH01
_h2319
590 _aBATCH-UPD
_b10
_c20130410
_lUCH01
_h0327
590 _aBATCH-UPD
_b10
_c20130913
_lUCH01
_h2307
590 _aBATCH-UPD
_b10
_c20140324
_lUCH01
_h1512
590 _aBATCH-UPD
_b10
_c20141002
_lUCH01
_h0839
590 _aCONVERSION
_b10
_c20130109
_lUCH01
_h1353
650 1 4 _aAguacate
_xPlagas.
_92543
650 1 4 _aCiclo biológico.
_923050
650 1 4 _aClima templado.
_923862
650 1 4 _aConotrachelus aguacatae.
_927253
650 1 4 _aControl biológico de plagas.
_927587
856 _3Finding aid
_uhttp://10.13.5.2/tesis/108085.pdf
_zTeclea aqui
901 _aBK
942 _cFOLL
949 _aTesis
_bBC
_cTES
_d33724002095322
_eTS1
_gdonaciØn
_h49350
_i108085
_sb
949 _aTesis
_bBC
_cTES
_d33724002095363
_eTS2
_fc.2
_gdonaciØn
_h49351
_i108085
_sb
999 _c96445
_d96445